Sovereignty of States versus Economic Interdependence of States - the Case study of Slovak Republic
Medzinárodný právny rámec suverenity. Právny rámec suverenity Slovenskej republiky. Európska integrácia verzus ekonomická závislosť od štátov.
Guardado en:
| Autor principal: | |
|---|---|
| Otros Autores: | |
| Formato: | Capítulo de libro |
| Lenguaje: | inglés |
| Materias: | |
| Etiquetas: |
Sin Etiquetas, Sea el primero en etiquetar este registro!
|
MARC
| LEADER | 00000nla a2200000 4500 | ||
|---|---|---|---|
| 001 | 0245612 | ||
| 005 | 20240417075140.3 | ||
| 041 | 0 | |a eng | |
| 044 | |a SK | ||
| 245 | 1 | 0 | |a Sovereignty of States versus Economic Interdependence of States - the Case study of Slovak Republic |c Daniela Nováčková, Jana Vnuková |
| 520 | |a Medzinárodný právny rámec suverenity. Právny rámec suverenity Slovenskej republiky. Európska integrácia verzus ekonomická závislosť od štátov. | ||
| 610 | 2 | 0 | |a Slovensko |
| 610 | 2 | 0 | |a úpravy právne |
| 610 | 2 | 0 | |a štúdie prípadové |
| 610 | 2 | 0 | |a suverenita |
| 610 | 2 | 0 | |a Európska únia |
| 610 | 2 | 0 | |a integrácia ekonomická medzinárodná |
| 610 | 2 | 0 | |a suverenita štátna |
| 100 | 1 | |a Nováčková, Daniela | |
| 700 | 1 | |a Vnuková, Jana | |